000 00659nam a2200193 i 4500
001 114720
003 ES-MaACL
005 20250328063128.0
007 t|
008 070322s1940 sp ||||1| spa d
080 _a929 Francisco de Borja, Santo
100 1 _aAdro Xavier,
_d1910-1998
_918481
245 1 3 _aEl Duque de Gandía, el noble santo del primer imperio
_b: apuntes históricos /
_cpor Adro Xavier [seud.].
260 _aMadrid :
_bEspasa Calpe,
_c1940.
300 _a327 p., 13 lám. ;
_c20 cm.
600 0 4 _aFrancisco de Borja
_cSanto-
_xBiografías.
_952191
852 _aES-MaACL
_jF-15222
_bR.18891
999 _c114720
_d114720